| 000 | 00960cam a22002174a 4500 | ||
|---|---|---|---|
| 005 | 20250605164240.0 | ||
| 008 | 250528s ||||||||||||||||||||||||d | ||
| 035 | _a21312 | ||
| 020 | _a9780470597170 | ||
| 040 |
_aGR-AtMCL _bgre _dGR-AtMCL _eAACR2 |
||
| 245 | 1 | _aThe Dark Side of Software Engineering / Evil on Computing Projects | |
| 250 | _a1st | ||
| 260 |
_bJohn Wiley And Sons, Inc, _c2011 |
||
| 300 | _a310 | ||
| 520 | _aA book about the evil things that happen on computing and software projects. Forward, Introduction, Dark Side Issues, Subversion, Lying, Hacking, Theft of Information, Espionage, Disgruntled Employees and Sabotage, Whistle Blowing, Practical Implications of the Research into Whistle-Blowing, Viewpoints on Dark Side Issues, Opinions and Predictions and Beliefs, Personal Anecdote, Conclusions, Index. | ||
| 700 | 1 |
_aGlass Robert L _97363 |
|
| 700 | 1 |
_aRost Johann _97364 |
|
| 942 | _cBK | ||
| 999 |
_c6377 _d6377 |
||